000 00505nam a2200181Ia 4500
001 9703
005 20260306161738.0
008 260306t2015||||xx |||||||||||||| ||spa||
041 _aESP
082 _a398.2985
_bS23
100 _aSánchez Garrafa, Rodolfo
_eAUT
245 0 _aApus de los cuatro Suyus:
_bconstrucción del mundo en los ciclos mitológicos de las deidades montaña
260 _c2015
300 _a358 páginas :
_c24 cm.
650 _aGEN
654 _aCHU
942 _cLIB
_dJUS
_fJUS
_2ddc
_n
999 _c9703
_d9703